[Event "Madrid ch  2012-13 - Semifinal B"]
[Site "Madrid"]
[Date "2013.03.22"]
[Round "6.1"]
[White "Madurga Lopez, Ignacio"]
[Black "Lopez Ziegler, Carlos"]
[Result "1/2-1/2"]
[WhiteElo "2027"]
[BlackElo "1913"]
[PlyCount "40"]
[EventDate "2013.03.07"]
[EventType "swiss"]
[EventRounds "9"]
[EventCountry "ESP"]
[Source "lmi"]
[SourceDate "2013.03.07"]

1. e4 c5 2. d4 cxd4 3. c3 Nf6 4. e5 Nd5 5. cxd4 e6 6. Nf3 d6 7. a3 Bd7 8. Bd3
Nc6 9. O-O Rc8 10. b4 dxe5 11. dxe5 a6 12. Qe2 Be7 13. Qe4 Qc7 14. Re1 Ncxb4
15. axb4 Qxc1 16. Rxc1 Rxc1+ 17. Bf1 Bb5 18. Nfd2 Bxb4 19. Nc3 Nxc3 20. Qxb7
Ne2+ 1/2-1/2

[Event "Madrid ch  2012-13 - Semifinal B"]
[Site "Madrid"]
[Date "2013.03.22"]
[Round "6.2"]
[White "Hinojar Diez, David"]
[Black "Arruebarrena, Rafael"]
[Result "1/2-1/2"]
[WhiteElo "2172"]
[BlackElo "2245"]
[PlyCount "54"]
[EventDate "2013.03.07"]
[EventType "swiss"]
[EventRounds "9"]
[EventCountry "ESP"]
[Source "lmi"]
[SourceDate "2013.03.07"]

1. Nf3 Nf6 2. d4 g6 3. g3 Bg7 4. Bg2 O-O 5. O-O d5 6. c4 dxc4 7. Na3 c3 8. bxc3
c5 9. Ne5 Nc6 10. Nxc6 bxc6 11. Nc4 Nd5 12. Bb2 Rb8 13. Qd2 Ba6 14. Ne5 Bxe5
15. dxe5 Nb6 16. Qc2 Nc4 17. Bc1 Qc7 18. Bf4 Rb2 19. Qe4 Nd2 20. Bxd2 Rxd2 21.
Rfe1 Rfd8 22. Qe3 Bc4 23. Qxc5 Bd5 24. Bf1 Bxa2 25. Qa3 Bc4 26. Qc5 Ba2 27. Qa3
Bc4 1/2-1/2

[Event "Madrid ch  2012-13 - Semifinal B"]
[Site "Madrid"]
[Date "2013.03.22"]
[Round "6.3"]
[White "Vukotic Jovsic, Dragan"]
[Black "Ruiz Quevedo, Andres"]
[Result "1/2-1/2"]
[WhiteElo "1993"]
[BlackElo "1925"]
[PlyCount "83"]
[EventDate "2013.03.07"]
[EventType "swiss"]
[EventRounds "9"]
[EventCountry "ESP"]
[Source "lmi"]
[SourceDate "2013.03.07"]

1. d4 Nf6 2. Bf4 e6 3. e3 b6 4. Nf3 c5 5. c3 Bb7 6. Nbd2 Be7 7. Bd3 cxd4 8.
exd4 d6 9. O-O O-O 10. Re1 Nbd7 11. Nc4 Qc7 12. a4 a6 13. Ne3 Qc6 14. Nf5 Bd8
15. Ng3 Re8 16. Ne4 Be7 17. Qb3 Bf8 18. Nfg5 h6 19. Nxf6+ Nxf6 20. Ne4 Nxe4 21.
Bxe4 Qc8 22. Bxb7 Qxb7 23. a5 b5 24. c4 Rab8 25. c5 Qd7 26. Qg3 Rbc8 27. b4 g6
28. Rad1 Rcd8 29. Qg4 Qc6 30. h4 Qd5 31. Be3 Bg7 32. Rb1 h5 33. Qf3 Qxf3 34.
gxf3 dxc5 35. dxc5 Bf6 36. Bg5 Bxg5 37. hxg5 Kf8 38. Rbd1 Ke7 39. f4 Rxd1 40.
Rxd1 Rd8 41. Rxd8 Kxd8 42. Kg2 1/2-1/2

[Event "Madrid ch  2012-13 - Semifinal B"]
[Site "Madrid"]
[Date "2013.03.22"]
[Round "6.4"]
[White "Muñoz Manzano, Jose Manuel"]
[Black "Marcos Herrero, Francisco"]
[Result "1-0"]
[WhiteElo "2011"]
[BlackElo "1912"]
[PlyCount "65"]
[EventDate "2013.03.07"]
[EventType "swiss"]
[EventRounds "9"]
[EventCountry "ESP"]
[Source "lmi"]
[SourceDate "2013.03.07"]

1. d4 Nf6 2. Nf3 c5 3. d5 b5 4. c4 Bb7 5. Qc2 e6 6. e4 bxc4 7. Bxc4 exd5 8.
exd5 Be7 9. Nc3 O-O 10. O-O d6 11. a4 Na6 12. Bf4 Nb4 13. Qd2 a6 14. Rfe1 Re8
15. h3 Qd7 16. Rad1 Bf8 17. Bb3 Rxe1+ 18. Nxe1 Rb8 19. Nd3 Nxd3 20. Qxd3 Bc8
21. Bc2 g6 22. b3 Rb4 23. Qf3 Ne8 24. Nb1 a5 25. Bd2 Rd4 26. Bxa5 Rxd1+ 27.
Qxd1 Qa7 28. Bc3 Bb7 29. Be4 Nc7 30. Bf6 Ne8 31. Bb2 Nc7 32. Qd3 Qa8 33. Qc3
1-0

[Event "Madrid ch  2012-13 - Semifinal B"]
[Site "Madrid"]
[Date "2013.03.22"]
[Round "6.6"]
[White "Ruiz Sanchez, Roberto"]
[Black "Pastor Alonso De Prado, Alberto"]
[Result "1/2-1/2"]
[WhiteElo "1981"]
[BlackElo "2161"]
[PlyCount "120"]
[EventDate "2013.03.07"]
[EventType "swiss"]
[EventRounds "9"]
[EventCountry "ESP"]
[Source "lmi"]
[SourceDate "2013.03.07"]

1. e4 e5 2. Nf3 Nc6 3. Bb5 Bc5 4. O-O Qf6 5. Nc3 Nge7 6. Nd5 Nxd5 7. exd5 Nd4
8. Nxd4 Bxd4 9. c3 Bb6 10. d3 O-O 11. Qe2 d6 12. Kh1 Qg6 13. Be3 a6 14. Bxb6
cxb6 15. Ba4 Bf5 16. Rad1 b5 17. Bb3 Rac8 18. a3 h5 19. Rd2 Rfe8 20. f3 h4 21.
h3 Qg5 22. Qf2 Qf4 23. d4 f6 24. dxe5 fxe5 25. Re1 g5 26. Bc2 Rf8 27. Bxf5 Qxf5
28. Qb6 Qd7 29. Qe3 Rf4 30. Qd3 Kg7 31. Re4 Qf7 32. Rxf4 gxf4 33. Qe2 Kg6 34.
Qf2 Kg5 35. Qb6 Qc7 36. Qf2 Qc5 37. Qe1 Qc4 38. Qb1 Rc7 39. Kh2 Re7 40. Kh1 Qc8
41. Qg1 Qc7 42. Re2 b6 43. Qd1 Qc5 44. Qd2 Qc4 45. Kh2 Rc7 46. Re1 Qb3 47. Rc1
a5 48. Ra1 Rc5 49. Rd1 b4 50. axb4 axb4 51. Ra1 Rxd5 52. Qe2 bxc3 53. bxc3 Qxc3
54. Ra8 Rd2 55. Rg8+ Kf6 56. Qe4 Qc2 57. Qb7 Qa2 58. Qg7+ Ke6 59. Qg6+ Kd5 60.
Qe4+ Ke6 1/2-1/2

[Event "Madrid ch  2012-13 - Semifinal B"]
[Site "Madrid"]
[Date "2013.03.22"]
[Round "6.7"]
[White "Cabañas Bravo, Juan Andres"]
[Black "Rojas Pozo, Jose Luis"]
[Result "0-1"]
[WhiteElo "2103"]
[BlackElo "1973"]
[PlyCount "74"]
[EventDate "2013.03.07"]
[EventType "swiss"]
[EventRounds "9"]
[EventCountry "ESP"]
[Source "lmi"]
[SourceDate "2013.03.07"]

1. e4 c6 2. Ne2 d5 3. e5 Bg4 4. f3 Bd7 5. d4 e6 6. Be3 Qb6 7. Qc1 c5 8. c3 Nc6
9. dxc5 Bxc5 10. Bxc5 Qxc5 11. Qg5 Nge7 12. Qxg7 Rg8 13. Qxh7 Nxe5 14. Nd4 N5g6
15. Na3 e5 16. Ndc2 Rh8 17. Qg7 Qb6 18. g4 O-O-O 19. O-O-O Rdg8 20. Qxf7 Be8
21. Nc4 Bxf7 22. Nxb6+ axb6 23. Ne3 Nh4 24. Be2 Rd8 25. b3 Neg6 26. Rd2 Nf4 27.
Bd1 Bg6 28. Kb2 Rhf8 29. Rf1 Nd3+ 30. Ka1 e4 31. fxe4 Rxf1 32. Nxf1 dxe4 33. a4
Nf3 34. Bxf3 exf3 35. Ng3 Re8 36. Nf5 Bxf5 37. gxf5 f2 0-1

[Event "Madrid ch  2012-13 - Semifinal B"]
[Site "Madrid"]
[Date "2013.03.22"]
[Round "6.8"]
[White "Estrada Martinez, Cesar"]
[Black "Garcia Serrano, Jose Manuel II"]
[Result "1-0"]
[WhiteElo "2050"]
[BlackElo "1892"]
[PlyCount "87"]
[EventDate "2013.03.07"]
[EventType "swiss"]
[EventRounds "9"]
[EventCountry "ESP"]
[Source "lmi"]
[SourceDate "2013.03.07"]

1. c4 e5 2. g3 c6 3. Bg2 d5 4. cxd5 cxd5 5. d4 exd4 6. Nf3 Bb4+ 7. Nbd2 Nc6 8.
O-O Nf6 9. Nb3 O-O 10. a3 Bd6 11. Nbxd4 a6 12. b4 Re8 13. Bb2 Qe7 14. Rc1 Ne5
15. Nxe5 Bxe5 16. Qd3 Bd7 17. Rc2 g6 18. Rfc1 Rac8 19. Rxc8 Rxc8 20. Rxc8+ Bxc8
21. Qc3 Bd7 22. f4 Bb8 23. Nc2 Qxe2 24. Qxf6 Ba7+ 25. Bd4 Qd1+ 26. Bf1 Bxd4+
27. Qxd4 Qxc2 28. Qxd5 Bc6 29. Qd8+ Kg7 30. Qd4+ Kh6 31. g4 Qe4 32. Qxe4 Bxe4
33. Bc4 Kg7 34. Kf2 Bc6 35. Ke3 Kf6 36. Kd4 h6 37. h4 Ke7 38. Kc5 Bf3 39. Bd5
Bxd5 40. Kxd5 b6 41. Kc6 f6 42. Kxb6 Kd7 43. Kxa6 g5 44. hxg5 1-0

[Event "Madrid ch  2012-13 - Semifinal B"]
[Site "Madrid"]
[Date "2013.03.22"]
[Round "6.9"]
[White "Sotoca Aguado, Jose"]
[Black "Tirado Parra, Alberto"]
[Result "1-0"]
[WhiteElo "1976"]
[BlackElo "1896"]
[PlyCount "27"]
[EventDate "2013.03.07"]
[EventType "swiss"]
[EventRounds "9"]
[EventCountry "ESP"]
[Source "lmi"]
[SourceDate "2013.03.07"]

1. e4 d5 2. exd5 Qxd5 3. Nc3 Qa5 4. d4 c6 5. Nf3 Nf6 6. Bd2 Bf5 7. Ne4 Qc7 8.
Nxf6+ gxf6 9. Bc4 e6 10. Nh4 Bg6 11. Nxg6 hxg6 12. Qf3 Rxh2 13. O-O-O Bh6 14.
Bxh6 1-0

[Event "Madrid ch  2012-13 - Semifinal B"]
[Site "Madrid"]
[Date "2013.03.22"]
[Round "6.10"]
[White "Garcia Sanz, Eduardo"]
[Black "Esquivias Gomez, Francisco Javier"]
[Result "0-1"]
[WhiteElo "2003"]
[BlackElo "1951"]
[PlyCount "132"]
[EventDate "2013.03.07"]
[EventType "swiss"]
[EventRounds "9"]
[EventCountry "ESP"]
[Source "lmi"]
[SourceDate "2013.03.07"]

1. c4 e5 2. Nc3 Nc6 3. Nf3 f5 4. d3 Bb4 5. a3 Bxc3+ 6. bxc3 Nf6 7. g3 O-O 8.
Bg2 d6 9. O-O Qe8 10. Qb3 Kh8 11. Qc2 Qh5 12. Bg5 f4 13. Bxf6 Rxf6 14. d4 Bh3
15. Bxh3 Qxh3 16. Ng5 Qh5 17. h4 exd4 18. Qb2 b6 19. cxd4 Raf8 20. Nf3 Ne7 21.
Qb5 Nf5 22. Kh2 fxg3+ 23. fxg3 Qg4 24. Rg1 Nxd4 25. Nxd4 Rf2+ 26. Rg2 Rxg2+ 27.
Kxg2 Qxd4 28. Rg1 Qf2+ 29. Kh1 Qxe2 30. Qd7 Qe4+ 31. Kh2 Rf2+ 32. Kh3 h5 33.
Qc8+ Kh7 34. Qd7 Qe2 35. Rh1 Qxc4 36. Qc8 Qe4 37. Rg1 Qf5+ 38. Qxf5+ Rxf5 39.
Rc1 Rc5 40. Re1 Rc3 41. Re7 a5 42. a4 Kg6 43. Kg2 Kf6 44. Re4 g5 45. hxg5+ Kxg5
46. Rd4 Rc5 47. Kf2 Re5 48. Kf3 Kf5 49. Rh4 Ke6 50. g4 hxg4+ 51. Rxg4 Kd5 52.
Rf4 Kc5 53. Kf2 d5 54. Rf7 c6 55. Rf3 Re4 56. Rc3+ Rc4 57. Ra3 Kb4 58. Ra1 Rc3
59. Ke2 d4 60. Kd2 c5 61. Rb1+ Rb3 62. Ra1 c4 63. Kc2 d3+ 64. Kd2 Rb2+ 65. Kc1
Rh2 66. Rb1+ Kc3 0-1

[Event "Madrid ch  2012-13 - Semifinal B"]
[Site "Madrid"]
[Date "2013.03.22"]
[Round "6.11"]
[White "Arroyo Fernandez, Francisco J"]
[Black "Garcia Herranz, Jesus"]
[Result "0-1"]
[WhiteElo "1832"]
[BlackElo "1962"]
[PlyCount "60"]
[EventDate "2013.03.07"]
[EventType "swiss"]
[EventRounds "9"]
[EventCountry "ESP"]
[Source "lmi"]
[SourceDate "2013.03.07"]

1. d4 Nf6 2. c4 e6 3. a3 d5 4. Nc3 Be7 5. Bf4 c6 6. e3 O-O 7. Nf3 a5 8. c5 Nbd7
9. Bd3 b6 10. b4 axb4 11. axb4 Rxa1 12. Qxa1 Nh5 13. Bg3 bxc5 14. bxc5 h6 15.
O-O Nxg3 16. hxg3 e5 17. Bc2 e4 18. Nd2 Bg5 19. Qa7 Nf6 20. Qb6 Qe8 21. Ba4 Bd7
22. Rb1 Qe6 23. Bd1 h5 24. Qc7 h4 25. Rb8 Ne8 26. Qe5 Qxe5 27. dxe5 hxg3 28.
Nb3 gxf2+ 29. Kxf2 f6 30. Rd8 fxe5+ 0-1

[Event "Madrid ch  2012-13 - Semifinal B"]
[Site "Madrid"]
[Date "2013.03.22"]
[Round "6.12"]
[White "Brull Cortes, Boris"]
[Black "Plazuelo Pascual, Juan"]
[Result "1-0"]
[WhiteElo "1953"]
[BlackElo "1872"]
[PlyCount "113"]
[EventDate "2013.03.07"]
[EventType "swiss"]
[EventRounds "9"]
[EventCountry "ESP"]
[Source "lmi"]
[SourceDate "2013.03.07"]

1. d4 d5 2. Nc3 Nf6 3. Bg5 c6 4. f3 Qb6 5. Na4 Qa5+ 6. c3 Bf5 7. Nc5 Qb6 8. Qb3
Nbd7 9. Nxd7 Nxd7 10. e3 e5 11. Qxb6 axb6 12. Ne2 Bd6 13. Nc1 O-O 14. Bd3 Bxd3
15. Nxd3 Rfe8 16. Kf2 Re6 17. Rhe1 f5 18. f4 exf4 19. exf4 Rxe1 20. Rxe1 Kf7
21. a3 Nf6 22. Bxf6 gxf6 23. Re3 c5 24. Kf3 cxd4 25. cxd4 Rc8 26. Nf2 Rc4 27.
Rd3 b5 28. b4 Bc7 29. Ke3 Rc2 30. g3 Bb6 31. h4 Ke6 32. Nd1 Rc4 33. Nc3 Bxd4+
34. Rxd4 Rxc3+ 35. Rd3 d4+ 36. Kxd4 Rxd3+ 37. Kxd3 Kd5 38. h5 h6 39. Ke3 Kc4
40. Kf3 Kd3 41. Kf2 Kc4 42. Kf3 Kd4 43. Ke2 Kc3 44. Kf3 Kd4 45. Kf2 Ke4 46. Ke2
Kd4 47. Kf2 Kd3 48. Kf3 Kd2 49. g4 fxg4+ 50. Kxg4 Kc3 51. Kf5 Kb3 52. Kxf6 Kxa3
53. Kg7 Kxb4 54. f5 Kc3 55. f6 b4 56. f7 b3 57. f8=Q 1-0

[Event "Madrid ch  2012-13 - Semifinal B"]
[Site "Madrid"]
[Date "2013.03.22"]
[Round "6.13"]
[White "Dominguez Alfara, Miguel"]
[Black "Garcia-Ruiz Fuentes, Angel M"]
[Result "1/2-1/2"]
[WhiteElo "1842"]
[BlackElo "1952"]
[PlyCount "72"]
[EventDate "2013.03.07"]
[EventType "swiss"]
[EventRounds "9"]
[EventCountry "ESP"]
[Source "lmi"]
[SourceDate "2013.03.07"]

1. d4 Nf6 2. Nf3 c5 3. e3 g6 4. Be2 Bg7 5. O-O O-O 6. c4 cxd4 7. exd4 d5 8. c5
Nc6 9. Nc3 Ne4 10. Be3 Bg4 11. h3 Be6 12. a3 Nxc5 13. dxc5 d4 14. Nxd4 Nxd4 15.
Bd3 Rc8 16. Be4 Qd7 17. Qa4 Ne2+ 18. Kh1 Nxc3 19. Qxd7 Bxd7 20. bxc3 Bc6 21.
Bxc6 Rxc6 22. Rab1 Rc7 23. Rb3 f5 24. f4 Rd8 25. Rfb1 Rdd7 26. Kg1 e6 27. Kf2
Bf8 28. Bd4 a6 29. Be5 Bxc5+ 30. Ke2 Bd6 31. Bxd6 Rxd6 32. Rxb7 Rxc3 33. Ra7
Rc2+ 34. Ke3 Rc3+ 35. Ke2 Rc2+ 36. Ke3 Rc3+ 1/2-1/2

[Event "Madrid ch  2012-13 - Semifinal B"]
[Site "Madrid"]
[Date "2013.03.22"]
[Round "6.15"]
[White "Lacaci Otero, Ivan"]
[Black "Camarero Izquierdo, Juan Carlos"]
[Result "0-1"]
[WhiteElo "1694"]
[BlackElo "1934"]
[PlyCount "92"]
[EventDate "2013.03.07"]
[EventType "swiss"]
[EventRounds "9"]
[EventCountry "ESP"]
[Source "lmi"]
[SourceDate "2013.03.07"]

1. e4 c5 2. Nf3 d6 3. d4 cxd4 4. Nxd4 Nf6 5. Nc3 a6 6. Bc4 b5 7. Bb3 Bb7 8. f3
Nbd7 9. g4 Nb6 10. g5 Nfd7 11. Be3 Ne5 12. f4 Nec4 13. Bxc4 Nxc4 14. Bc1 e6 15.
b3 Nb6 16. Qd3 Be7 17. h4 O-O 18. Be3 Nd7 19. h5 Nc5 20. Qd2 b4 21. Nce2 Nxe4
22. Qxb4 Nf2 23. Qxb7 Nxh1 24. Qxh1 e5 25. Nf5 exf4 26. Nxe7+ Qxe7 27. Bxf4
Rfe8 28. Qf3 d5 29. Kd2 d4 30. Nxd4 Rad8 31. Be3 Qb4+ 32. c3 Qa3 33. Kc2 a5 34.
Bc1 Qc5 35. Be3 Rc8 36. c4 a4 37. Nf5 Qe5 38. Rd1 axb3+ 39. axb3 Ra8 40. Bd4
Qh2+ 41. Kc3 Ra2 42. Nd6 Qxd6 43. Rf1 Qe6 44. h6 Rh2 45. Qf5 Rh3+ 46. Rf3 Qxf5
0-1

[Event "Madrid ch  2012-13 - Semifinal B"]
[Site "Madrid"]
[Date "2013.03.23"]
[Round "7.1"]
[White "Lopez Ziegler, Carlos"]
[Black "Arruebarrena, Rafael"]
[Result "0-1"]
[WhiteElo "1913"]
[BlackElo "2245"]
[PlyCount "86"]
[EventDate "2013.03.07"]
[EventType "swiss"]
[EventRounds "9"]
[EventCountry "ESP"]
[Source "lmi"]
[SourceDate "2013.03.07"]

1. e4 c5 2. Nf3 e6 3. d4 cxd4 4. Nxd4 Nc6 5. Nc3 Qc7 6. Be2 a6 7. O-O Nf6 8.
Be3 Bb4 9. Nxc6 bxc6 10. Na4 Rb8 11. f4 Nxe4 12. Qd4 Nf6 13. c4 Be7 14. g4 O-O
15. g5 Ne8 16. h4 d6 17. Qd2 c5 18. b3 Bb7 19. Rac1 Bc6 20. Nc3 Qb7 21. f5 exf5
22. Rxf5 g6 23. Rf2 Nc7 24. Rd1 a5 25. h5 a4 26. bxa4 Rbd8 27. Rb1 Qa8 28. Nb5
Ne6 29. hxg6 hxg6 30. Rh2 d5 31. cxd5 Rxd5 32. Qb2 Nd4 33. Nxd4 cxd4 34. Bc4
Bd6 35. Rh4 Rb8 36. Bxd4 Rxg5+ 37. Kf1 Bg2+ 38. Ke1 Bg3+ 39. Kd1 Bf3+ 40. Kc1
Bh5 41. Qd2 Rxb1+ 42. Kxb1 Bxh4 43. Be3 Qh1+ 0-1

[Event "Madrid ch  2012-13 - Semifinal B"]
[Site "Madrid"]
[Date "2013.03.23"]
[Round "7.2"]
[White "Madurga Lopez, Ignacio"]
[Black "Muñoz Manzano, Jose Manuel"]
[Result "1-0"]
[WhiteElo "2027"]
[BlackElo "2011"]
[PlyCount "39"]
[EventDate "2013.03.07"]
[EventType "swiss"]
[EventRounds "9"]
[EventCountry "ESP"]
[Source "lmi"]
[SourceDate "2013.03.07"]

1. e4 e6 2. d4 d5 3. Nc3 Nf6 4. Bg5 Bb4 5. Nge2 h6 6. Bxf6 Qxf6 7. a3 Bxc3+ 8.
Nxc3 dxe4 9. Nxe4 Qe7 10. Qd2 O-O 11. O-O-O Nd7 12. h4 Nf6 13. Nxf6+ Qxf6 14.
g4 Qe7 15. f4 Bd7 16. Be2 b5 17. g5 hxg5 18. hxg5 g6 19. Bf3 Rab8 20. Qh2 1-0

[Event "Madrid ch  2012-13 - Semifinal B"]
[Site "Madrid"]
[Date "2013.03.23"]
[Round "7.3"]
[White "Vukotic Jovsic, Dragan"]
[Black "Hinojar Diez, David"]
[Result "1-0"]
[WhiteElo "1993"]
[BlackElo "2172"]
[PlyCount "135"]
[EventDate "2013.03.07"]
[EventType "swiss"]
[EventRounds "9"]
[EventCountry "ESP"]
[Source "lmi"]
[SourceDate "2013.03.07"]

1. d4 Nf6 2. Bf4 e6 3. e3 b6 4. Nf3 Bb7 5. Bd3 Be7 6. Nbd2 d5 7. Ne5 O-O 8. Qf3
Nbd7 9. Qh3 Re8 10. Nxd7 Qxd7 11. g4 c5 12. c3 g6 13. Nf3 Bd6 14. Ne5 Qc7 15.
Qh6 c4 16. Bc2 b5 17. h4 Bf8 18. Qg5 Qe7 19. h5 h6 20. Qh4 g5 21. Bxg5 hxg5 22.
Qxg5+ Kh8 23. Qf4 Kg8 24. h6 Nh7 25. O-O-O f6 26. Ng6 Qf7 27. Nxf8 Rxf8 28.
Bxh7+ Kxh7 29. Rdg1 Qg6 30. Qd6 e5 31. f4 Rad8 32. Qc7+ Qf7 33. Qc5 Rd7 34. g5
Rg8 35. Qxb5 exf4 36. exf4 fxg5 37. fxg5 Qf4+ 38. Kc2 Re7 39. Rf1 Qe4+ 40. Kc1
Rxg5 41. Qa4 Bc8 42. Qc2 Qxc2+ 43. Kxc2 Bf5+ 44. Kc1 Re2 45. Re1 Rxe1+ 46. Rxe1
Kxh6 47. b3 Rg3 48. Kb2 Rg2+ 49. Ka3 a5 50. Re5 Bb1 51. bxc4 dxc4 52. Ka4 Rxa2+
53. Kb5 Bd3 54. d5 Rb2+ 55. Kxa5 Kg6 56. d6 Rb7 57. Rd5 Kf7 58. d7 Rxd7 59.
Rxd7+ Ke6 60. Rd4 Ke5 61. Kb5 Ke6 62. Kc5 Bf1 63. Rxc4 Bxc4 64. Kxc4 Kd7 65.
Kc5 Kc7 66. c4 Kd7 67. Kb6 Kc8 68. Kc6 1-0

[Event "Madrid ch  2012-13 - Semifinal B"]
[Site "Madrid"]
[Date "2013.03.23"]
[Round "7.4"]
[White "Cano Cabanillas, Javier"]
[Black "Ruiz Quevedo, Andres"]
[Result "1-0"]
[WhiteElo "2007"]
[BlackElo "1925"]
[PlyCount "143"]
[EventDate "2013.03.07"]
[EventType "swiss"]
[EventRounds "9"]
[EventCountry "ESP"]
[Source "lmi"]
[SourceDate "2013.03.07"]

1. e4 c5 2. Nf3 d6 3. d4 cxd4 4. Nxd4 Nf6 5. Nc3 a6 6. h3 e6 7. g4 b5 8. Bg2
Bb7 9. O-O Be7 10. e5 Bxg2 11. exf6 Bxf1 12. fxe7 Qxe7 13. Qxf1 O-O 14. Bf4 d5
15. Qd3 Nd7 16. Re1 Qb4 17. a3 Qc5 18. Bg3 Rfc8 19. Nf3 Qc4 20. Qd4 b4 21. axb4
Qxd4 22. Nxd4 Rc4 23. Nb3 Rxb4 24. Bd6 Rb6 25. Ba3 Rc6 26. Re2 Nb6 27. Na5 Rcc8
28. Kf1 Nc4 29. Nxc4 Rxc4 30. Nd1 Rac8 31. Ne3 R4c6 32. c3 f6 33. f4 Re8 34.
Nxd5 Rc4 35. f5 e5 36. Kg2 Rd8 37. Ne3 Rf4 38. c4 Kf7 39. c5 Rd3 40. c6 Ke8 41.
Bc5 Kd8 42. Bb6+ Kc8 43. Ba5 Re4 44. Kf2 Rf4+ 45. Ke1 Rf3 46. Nf1 Rd5 47. b4
Rc3 48. c7 Rd4 49. Ne3 Rc1+ 50. Kf2 Rf4+ 51. Kg2 Rd4 52. Nf1 Rd3 53. Ng3 Rcc3
54. Ne4 Ra3 55. Rc2 Rab3 56. Kf2 Rd5 57. Rc3 Rb2+ 58. Kg3 Rb1 59. Re3 Rf1 60.
Nc5 g5 61. fxg6 hxg6 62. Rf3 Rxf3+ 63. Kxf3 Rd6 64. Ke4 Rd4+ 65. Kf3 Rd6 66. h4
Rd4 67. Nxa6 f5 68. gxf5 Rf4+ 69. Kg3 gxf5 70. Nb8 Rg4+ 71. Kh3 Rg6 72. b5 1-0

[Event "Madrid ch  2012-13 - Semifinal B"]
[Site "Madrid"]
[Date "2013.03.23"]
[Round "7.5"]
[White "Rojas Pozo, Jose Luis"]
[Black "Estrada Martinez, Cesar"]
[Result "0-1"]
[WhiteElo "1973"]
[BlackElo "2050"]
[PlyCount "84"]
[EventDate "2013.03.07"]
[EventType "swiss"]
[EventRounds "9"]
[EventCountry "ESP"]
[Source "lmi"]
[SourceDate "2013.03.07"]

1. e4 c5 2. Nf3 g6 3. d4 cxd4 4. Nxd4 Nf6 5. Nc3 d6 6. f3 Bg7 7. Be3 O-O 8. Bc4
Nc6 9. Qd2 Bd7 10. O-O-O Rc8 11. Bb3 Nxd4 12. Bxd4 a5 13. g4 b5 14. g5 Nh5 15.
Bxg7 Nxg7 16. a4 bxa4 17. Bxa4 Bxa4 18. Nxa4 Rc4 19. b3 Rc8 20. Qe3 Qc7 21. Rd2
Ne6 22. Qb6 Nxg5 23. Qe3 Ne6 24. h4 Nc5 25. h5 Nxa4 26. hxg6 fxg6 27. Rxh7 Qc3
28. Qxc3 Nxc3 29. Rxe7 Nb5 30. c4 Rc6 31. Rd5 Nc7 32. Rxa5 Rxf3 33. Rg5 Rxb3
34. Rxg6+ Kf8 35. Rgg7 Rxc4+ 36. Kd2 Ne6 37. Rgf7+ Kg8 38. Rh7 Rxe4 39. Rh6 Nc5
40. Rxe4 Nxe4+ 41. Kc2 Re3 42. Re6 Kf7 0-1

[Event "Madrid ch  2012-13 - Semifinal B"]
[Site "Madrid"]
[Date "2013.03.23"]
[Round "7.6"]
[White "Esquivias Gomez, Francisco Javier"]
[Black "Sotoca Aguado, Jose"]
[Result "1-0"]
[WhiteElo "1951"]
[BlackElo "1976"]
[PlyCount "65"]
[EventDate "2013.03.07"]
[EventType "swiss"]
[EventRounds "9"]
[EventCountry "ESP"]
[Source "lmi"]
[SourceDate "2013.03.07"]

1. e4 e6 2. d4 d5 3. e5 c5 4. Nf3 Nc6 5. Bd3 Bd7 6. O-O cxd4 7. a3 Nge7 8. Re1
Ng6 9. b4 Be7 10. b5 Na5 11. Qe2 Qb6 12. h4 Bxh4 13. g3 Be7 14. Bb2 Rc8 15.
Nbd2 Bc5 16. Kg2 Qc7 17. Nb3 Bb6 18. Bxd4 Bxd4 19. Nbxd4 Nc4 20. Bxg6 hxg6 21.
Rh1 Ke7 22. a4 Rh6 23. Rxh6 gxh6 24. Rh1 h5 25. Re1 a6 26. Qd1 Kf8 27. Qc1 Kg7
28. Qf4 Qd8 29. g4 hxg4 30. Ng5 Qe7 31. Rh1 Rh8 32. Rxh8 Kxh8 33. Qh2+ 1-0

[Event "Madrid ch  2012-13 - Semifinal B"]
[Site "Madrid"]
[Date "2013.03.23"]
[Round "7.7"]
[White "Pastor Alonso De Prado, Alberto"]
[Black "Brull Cortes, Boris"]
[Result "1/2-1/2"]
[WhiteElo "2161"]
[BlackElo "1953"]
[PlyCount "92"]
[EventDate "2013.03.07"]
[EventType "swiss"]
[EventRounds "9"]
[EventCountry "ESP"]
[Source "lmi"]
[SourceDate "2013.03.07"]

1. e4 c5 2. Nf3 Nc6 3. c3 d5 4. exd5 Qxd5 5. d4 Bg4 6. Be2 e6 7. h3 Bxf3 8.
Bxf3 Qd7 9. Be3 cxd4 10. cxd4 Nf6 11. Nc3 Be7 12. d5 exd5 13. Nxd5 Nxd5 14.
Qxd5 Bb4+ 15. Ke2 Qe7 16. a3 Ba5 17. Rhd1 Bb6 18. Qe4 Bxe3 19. Qxe3 Rc8 20.
Rac1 Qxe3+ 21. Kxe3 Ke7 22. Rc5 f6 23. Rdc1 Kd6 24. Rd5+ Kc7 25. b4 Kb6 26. Rd7
g5 27. Ke4 f5+ 28. Ke3 Rhe8+ 29. Kd2 Rcd8 30. Bxc6 bxc6 31. Rxd8 Rxd8+ 32. Ke3
Rd5 33. f4 h6 34. g3 a5 35. bxa5+ Rxa5 36. Rc3 Ra4 37. fxg5 hxg5 38. Kd2 Rd4+
39. Rd3 Rxd3+ 40. Kxd3 c5 41. h4 c4+ 42. Ke2 f4 43. hxg5 fxg3 44. g6 g2 45. Kf2
g1=Q+ 46. Kxg1 c3 1/2-1/2

[Event "Madrid ch  2012-13 - Semifinal B"]
[Site "Madrid"]
[Date "2013.03.23"]
[Round "7.8"]
[White "Garcia Herranz, Jesus"]
[Black "Ruiz Sanchez, Roberto"]
[Result "1-0"]
[WhiteElo "1962"]
[BlackElo "1981"]
[PlyCount "67"]
[EventDate "2013.03.07"]
[EventType "swiss"]
[EventRounds "9"]
[EventCountry "ESP"]
[Source "lmi"]
[SourceDate "2013.03.07"]

1. Nf3 d5 2. d4 Nf6 3. c4 c6 4. cxd5 cxd5 5. g3 Bf5 6. Bg2 e6 7. O-O Be7 8. Nc3
O-O 9. Nh4 Bg6 10. Bf4 Bh5 11. Nf3 Nc6 12. Rc1 Rc8 13. Na4 b5 14. Nc5 Qb6 15.
Nb3 Rfd8 16. h3 a5 17. e3 a4 18. Nbd2 h6 19. g4 Bg6 20. Ne5 Bh7 21. a3 Na5 22.
g5 Ne4 23. Nxe4 Bxe4 24. Bxe4 dxe4 25. Rxc8 Rxc8 26. gxh6 g6 27. Qg4 Nc4 28.
Nxg6 Bf6 29. Ne7+ Kh7 30. Nxc8 Qc6 31. Bg5 Bh8 32. Ne7 Qe8 33. Qxe4+ f5 34.
Qxe6 1-0

[Event "Madrid ch  2012-13 - Semifinal B"]
[Site "Madrid"]
[Date "2013.03.23"]
[Round "7.9"]
[White "Marcos Herrero, Francisco"]
[Black "Garcia-Ruiz Fuentes, Angel M"]
[Result "0-1"]
[WhiteElo "1912"]
[BlackElo "1952"]
[PlyCount "96"]
[EventDate "2013.03.07"]
[EventType "swiss"]
[EventRounds "9"]
[EventCountry "ESP"]
[Source "lmi"]
[SourceDate "2013.03.07"]

1. d4 Nf6 2. c4 c5 3. d5 e6 4. Nc3 exd5 5. cxd5 d6 6. g3 g6 7. Bg2 Bg7 8. Nf3
O-O 9. O-O Re8 10. Nd2 b6 11. a4 Ba6 12. Nb5 Nbd7 13. h3 Bxb5 14. axb5 Qe7 15.
Re1 Ne5 16. Qc2 Nh5 17. Ne4 h6 18. g4 Nf6 19. Ng3 Rec8 20. Bd2 Ne8 21. Bc3 Nc7
22. f4 Nd7 23. e4 Nxb5 24. Bxg7 Kxg7 25. e5 dxe5 26. d6 Qxd6 27. fxe5 Nd4 28.
Qc3 Nxe5 29. Bxa8 Rxa8 30. Re3 f6 31. Rf1 Re8 32. Ne4 Nef3+ 33. Rfxf3 Nxf3+ 34.
Kg2 Nh4+ 35. Kh1 Qf4 36. Qd3 Rd8 37. Qe2 g5 38. Nc3 Rf8 39. Nd5 Qd6 40. Ne7 Rd8
41. Qf2 Rd7 42. Qxh4 gxh4 43. Nf5+ Kg6 44. Nxd6 Rxd6 45. Re7 Rd2 46. Rxa7 Rxb2
47. Rc7 h5 48. gxh5+ Kxh5 0-1